| 000 | 00432nam a2200181Ia 4500 | ||
|---|---|---|---|
| 008 | 230711s9999||||xx |||||||||||||| ||und|| | ||
| 020 | _a978-81-265-0877-8 | ||
| 041 | _aENG | ||
| 082 |
_a541 _bSI-P |
||
| 100 | _aSilbey,Robert J | ||
| 245 | 0 | _aPhysical Chemistry | |
| 250 | _a4th . Ed. | ||
| 260 |
_c2015 _aNew Delhi _bWiley India Pvt.Ltd |
||
| 300 | _a944p. | ||
| 650 | _aChemistry | ||
| 700 | _aAlberty,Robert A | ||
| 942 | _cBK | ||
| 999 |
_c9425 _d9425 |
||